A Quiz About Winter - Statistics

General Stats
  • This quiz has been taken 19 times
  • The average score is 7 of 16
Answer Stats
Hint Answer % Correct
Structure built from snow blocks for shelter Igloo
95%
Animal behavior involving long seasonal sleep Hibernation
84%
1990 movie featuring a boy defending his home from burglars at Christmas Home Alone
84%
Seasonal event marking shortest day and longest night Winter {Solstice}
79%
Famous fictional miser redeemed at Christmas Ebenezer Scrooge
68%
Northernmost region of Finland famous for reindeer and winter tourism Lapland
63%
Jewish festival of lights Hanukkah
58%
City where The Nutcracker premiered in 1892 Saint Petersburg
47%
Cold-region forest dominated by coniferous trees Taiga
42%
Alpine folk figure who punishes misbehaving children Krampus
37%
Winter holiday in the United States celebrating African-American culture Kwanzaa
37%
1914 World War I event where soldiers spontaneously ceased fire and played football Christmas truce
26%
Japanese city famous for snow sculptures and winter festival Sapporo
16%
Winter celebration in Scotland featuring fire and light Hogmanay
5%
Arctic phenomenon with prolonged darkness Polar night
5%
Slavic winter gift-giver often depicted with blue coat and staff Ded Moroz
0%
No matching quizzes found
Score Distribution
Percent of People with Each Score
Percentile by Number Answered
Your Score History
You have not taken this quiz